Sweet Valley Unicorn Club and Elizabeth Books Quiz Stats

 Plays Quiz not verified by Sporcle

Score 0/29 Timer 06:00
0 Plays Today
Series Title % Correct
The Unicorn ClubSave the Unicorns
66.7%
ElizabethUniversity, Interrupted
58.3%
ElizabethMax's Choice
50%
ElizabethI Need You
50%
The Unicorn ClubMaria's Movie Comeback
41.7%
The Unicorn ClubThe Best Friend Game
41.7%
The Unicorn ClubLila's Little Sister
41.7%
The Unicorn ClubUnicorns in Love
41.7%
The Unicorn ClubThe Unicorns at War
41.7%
The Unicorn ClubEllen's Family Secret
41.7%
The Unicorn ClubMandy in the Middle
41.7%
The Unicorn ClubAngels, Keep Out!
41.7%
The Unicorn ClubSnow Bunnies
41.7%
ElizabethLondon Calling
41.7%
The Unicorn ClubKimberly Rides Again
33.3%
Series Title % Correct
The Unicorn ClubBoyfriends for Everyone
33.3%
ElizabethA Royal Pain
33.3%
ElizabethDownstairs, Upstairs
33.3%
The Unicorn ClubLila on the Loose
25%
The Unicorn ClubWho Will Be Miss Unicorn?
25%
The Unicorn ClubToo Cool for the Unicorns
25%
The Unicorn ClubRachel's In, Lila's Out
25%
The Unicorn ClubIn Love with Mandy
25%
The Unicorn ClubJessica's Dream Date
25%
The Unicorn ClubTrapped in the Mall
25%
The Unicorn ClubToo Close for Comfort
16.7%
The Unicorn ClubBon Voyage, Unicorns
16.7%
The Unicorn ClubThe Most Beautiful Girl in the World
16.7%
The Unicorn ClubFive Girls and a Baby
8.3%

You're not logged in!

Compare scores with friends on all Sporcle quizzes.
OR
Log In

You Might Also Like...

Show Comments

Extras

Top Quizzes Today


Score Distribution

Your Account Isn't Verified!

In order to create a playlist on Sporcle, you need to verify the email address you used during registration. Go to your Sporcle Settings to finish the process.

Report this User

Report this user for behavior that violates our Community Guidelines.

Details: